Diffraction methods /

Guardado en:
Autor Principal: Wormald, John
Formato: Libro
Idioma:English
Publicado: Oxford : Clarendon Press, 1973.
Series:Oxford chemistry series ; no. 10
Materias:
Etiquetas: Agregar Etiqueta
Sin Etiquetas, Sea el primero en etiquetar este registro!
LEADER 00851cam a22002655a 4500
001 EIQ.libpla000982
008 731011s1973####enka#####b####001#0#eng#d
005 20060630184140.0
245 1 0 |a Diffraction methods /  |c John Wormald. 
260 |a Oxford :  |b Clarendon Press,  |c 1973. 
300 |a xii, 100 p. :  |b il. ;  |c 22 cm. 
440 0 |a Oxford chemistry series ;  |v no. 10 
504 |a Incluye referencias bibliográficas e índice. 
020 |a 0198554281 
100 1 |a Wormald, John  |q (John Roger) 
082 0 0 |a 548/.83 
650 4 |a Rayos X  |x Difracción. 
650 4 |a Neutrones  |x Difracción. 
650 4 |a Electrones  |x Difracción. 
650 0 |a Neutrons  |x Diffraction. 
650 0 |a Electrons  |x Diffraction. 
650 0 |a X-rays  |x Diffraction. 
010 |a  73174133  
040 |a DLC  |c DLC  |d AR-BbSID 
859 |a AR-BbSID  |b BIB. PLAPIQUI  |h 548.83  |i W 89  |p 669